| 000 | 00475nam a22001817a 4500 | ||
|---|---|---|---|
| 005 | 20251108175424.0 | ||
| 008 | 250721s2015 xx 000 0 ara d | ||
| 082 | 1 | 4 | _aق/باب |
| 100 | 1 | _aبابيتش، ميهاي | |
| 245 | 1 | 0 | _aإبن الراهب / |
| 264 | 1 |
_aراس الخيمة : _bدار نون، _c2015. |
|
| 300 | _a118 ص. | ||
| 650 | 1 | 7 | _aالروايات |
| 650 | 1 | 7 | _aالأدب |
| 700 | 1 | _aصالح، ثائر | |
| 942 |
_2ddc _cBK |
||
| 999 |
_c133746 _d133746 |
||